[Event "POR-ch Absolute 2018"]
[Site "Braga"]
[Date "2018.09.08"]
[Round "8"]
[White "Sousa, Andre Ventura"]
[Black "Silva, Luis Neves Da"]
[Result "1/2-1/2"]
[WhiteElo "2365"]
[BlackElo "2353"]
[Annotator "NA"]
[PlyCount "21"]
[EventDate "2018.09.02"]
[EventType "tourn"]
[EventCountry "POR"]
[SourceTitle "playchess.com"]
[Source "ChessBase"]
[SourceQuality "1"]
[TimeControl "40/5400+30:1800+30"]

1. e4 {[%emt 0:00:00]} e6 {[%emt 0:00:00]} 2. d4 {[%emt 0:00:00]} d5 {[%emt 0:00:00]} 3. exd5 {[%emt 0:00:00]} exd5 {[%emt 0:00:00]} 4. Nf3 {[%emt 0:00:00]} Nc6 {[%emt 0:00:02]} 5. Nc3 {[%emt 0:00:30]} Bb4 {[%emt 0:00:23]} 6. Bb5 {[%emt 0:01:40]} Nge7 {[%emt 0:02:00]} 7. O-O {[%emt 0:02:01]} O-O {[%emt 0:00:40]} 8. h3 {[%emt 0:00:45]} Bf5 {[%emt 0:04:00]} 9. Bf4 {[%emt 0:04:47]} a6 {[%emt 0:03:40]} 10. Bd3 {[%emt 0:00:25]} Qd7 {[%emt 0:03:57]} 11. Bxf5 {[%emt 0:13:48]} 1/2-1/2

[Event "POR-ch Absolute 2018"]
[Site "Braga"]
[Date "2018.09.08"]
[Round "8"]
[White "Martins, Bruno Andre Leite"]
[Black "Padeiro, Jose"]
[Result "1/2-1/2"]
[WhiteElo "2262"]
[BlackElo "2209"]
[Annotator "TA"]
[PlyCount "129"]
[EventDate "2018.09.02"]
[EventType "tourn"]
[EventCountry "POR"]
[SourceTitle "playchess.com"]
[Source "ChessBase"]
[SourceQuality "1"]

{[%evp 9,129,6,16,0,0,-23,-5,-31,-21,-31,-35,-27,-35,-44,-35,-71,-75,-65,-54,-56,0,15,106,112,98,112,100,109,102,102,110,111,106,98,102,97,104,82,87,88,95,83,79,86,89,85,91,74,84,81,85,89,126,18,43,50,53,57,80,76,46,0,47,31,54,49,84,0,70,0,0,0,79,80,97,76,111,116,129,8,13,-56,-60,-237,-244,-237,-231,-238,-230,-235,-235,-304,-304,-268,-108,-90,-55,-55,-55,-53,-20,-20,-20,-20,-20,-18,-16,-16,0,0,0,0,0,0,0,0,0,0,0,0,0,0]} 1. e4 {[%cal Be2e4,Be4e5][%mdl 32]} Nf6 2. e5 Nd5 3. d4 d6 4. Nf3 Bg4 5. Bc4 e6 {LiveBook: 6 Games} 6. h3 {B05: Alekhine's Defence: 4 Nf3 Bg4} Bh5 7. Qe2 c6 8. O-O Nd7 9. Nbd2 dxe5 10. dxe5 Qc7 11. Bb3 $146 {[%cal Bc4b3,Bb3c2,Bc2g6][%mdl 32]} ({Predecessor:} 11. a3 Be7 12. Ba2 Bg6 13. Bb1 O-O {0-1 (51) Villarreal,H (2290)-Szmetan,J (2420) Buenos Aires 1993}) 11... Nc5 12. c4 Nf4 13. Qe3 Nfd3 14. Bc2 O-O-O (14... Rd8 $15) 15. a3 $1 $11 Bg6 (15... a5 $11) 16. b4 $16 Nxc1 17. Bxg6 N1b3 18. Nxb3 Nxb3 19. Bxf7 Nxa1 20. Bxe6+ Kb8 {...Nc2 is the strong threat.} 21. Rxa1 Re8 22. Bg4 g6 23. h4 Bg7 {[%cal Rg7e5]} 24. Re1 Re7 25. c5 Rd8 26. e6 Rd5 27. g3 Qd8 28. Qf4+ Ka8 29. Kg2 a5 30. Re4 Rd3 31. Re3 (31. bxa5 $16 {next a6! is good for White.} Qb8 32. Qg5) 31... Rxe3 $1 $11 32. Qxe3 Qd5 33. Qf4 Ka7 34. Qd6 ({Reject} 34. bxa5 $6 Qxc5 35. Ng5 Bb2 $15) 34... Bf6 35. Qf4 (35. b5 $5) 35... Bg7 36. Kg1 ({Of course not} 36. bxa5 Qxc5 37. Ng5 Bb2 $15) 36... Qd1+ 37. Kh2 $1 Qd5 38. Ng5 (38. Qd6 $16 Bf6 39. b5 (39. bxa5 h5 $15)) 38... Qd4 (38... Be5 $11 39. Qf8 Qd4) 39. Ne4 (39. Nxh7 $14 Qxf4 40. gxf4) 39... axb4 40. axb4 Qe5 (40... Be5 $11 41. Qf3 Qxb4) 41. Qxe5 $16 Bxe5 {[%mdl 4096] Endgame KRB-KBN} 42. h5 Bb2 43. f4 Ba3 44. Bh3 (44. f5 $16 gxf5 45. Bxf5) 44... Bxb4 45. hxg6 (45. f5 $11 gxf5 46. Bxf5) 45... hxg6 $15 46. g4 $2 (46. Kg2 $15) 46... Rxe6 $19 47. Bg2 b6 48. cxb6+ Kxb6 49. Kg3 c5 50. f5 gxf5 51. gxf5 Rh6 (51... Rc6 $19 {Threatens to win with ...c4.} 52. Ng5 Rc8) 52. Bf1 $17 Be1+ 53. Kf4 Bh4 54. Ke5 Rc6 {Hoping for ...c4.} 55. Bc4 {The position is equal.} Be7 56. f6 Bf8 57. Ng5 Ka5 58. Ne6 Rc8 59. Nxf8 Rxf8 $11 {KR-KB} 60. f7 Kb4 61. Be6 c4 {[#]} 62. Bxc4 $1 {[%mdl 512]} Kxc4 63. Kf6 Kd5 64. Kg7 {[#]} Rxf7+ $1 {[%mdl 512]} 65. Kxf7 {Precision: White = 56%, Black = 50%.} 1/2-1/2

[Event "POR-ch Absolute 2018"]
[Site "Braga"]
[Date "2018.09.08"]
[Round "8"]
[White "Vasques, Antonio Pedro Freix"]
[Black "Martins, David Pires Tavares"]
[Result "0-1"]
[WhiteElo "2239"]
[BlackElo "2402"]
[Annotator "TA"]
[PlyCount "102"]
[EventDate "2018.09.02"]
[EventType "tourn"]
[EventCountry "POR"]
[SourceTitle "playchess.com"]
[Source "ChessBase"]
[SourceQuality "1"]

{[%evp 14,102,51,34,33,46,44,29,43,19,34,33,31,23,50,34,26,27,55,21,25,31,30,14,66,16,88,69,62,4,4,6,6,8,8,-54,-33,-41,-36,-108,-45,-56,-60,-43,-46,-136,-118,-137,-153,-162,-154,-141,-59,-130,-68,-184,-58,-60,-58,-234,-246,-234,-229,-316,-306,-502,-493,-476,-493,-474,-513,-501,-259,-484,-489,-445,-459,-931,-933,-793,-793,-4582,-4134,-799,-1913,-989,-989,-5608,-5600,-1856,-954]} 1. e4 d6 2. d4 Nf6 3. Nc3 e5 4. dxe5 dxe5 5. Qxd8+ Kxd8 6. Bc4 Ke8 7. Nf3 Bd6 8. h3 {LiveBook: 27 Partien. B07: Pirc-Ufimzew-Verteidigung} (8. Be3 a6 9. a3 h6 10. h3 Ke7 11. O-O-O Be6 12. Nd2 Nbd7 13. Bxe6 Kxe6 14. Nc4 Rac8 15. f3 Bc5 16. Bxc5 Nxc5 {½-½ (41) Salgado Lopez,I (2627)-Jobava,B (2687) Tbilisi 2017}) 8... Be6 9. Bxe6 $146 ({Vorgänger:} 9. Bb5+ Ke7 10. Bd2 c6 11. Bd3 Nfd7 12. Ng5 Nc5 13. Nxe6 Nxd3+ 14. cxd3 Kxe6 15. Be3 Nd7 {½-½ (32) Skoberne,J (2492)-Lazic,M (2454) Novi Sad 2009}) 9... fxe6 10. Be3 {Weiß steht etwas besser.} Nc6 11. a3 a6 12. O-O-O Na5 13. Nd2 c5 14. Na4 Rc8 15. Nb6 Rc6 16. Nbc4 Nxc4 17. Nxc4 Bc7 $1 18. a4 b6 (18... Nxe4 $11 19. Rhe1 b5) 19. Rhe1 Ke7 (19... Nxe4 $11 {bleibt in der Remisbreite.} 20. f3 Nf6) 20. Bg5 h6 21. Bh4 (21. Bd2 $14) 21... b5 $1 $11 {[%cal Rb5c4]} 22. axb5 axb5 {Und weiter mit ...g5 wäre nett.} 23. Na3 Rb8 24. f4 (24. Bxf6+ $11 gxf6 25. Re3) 24... c4 $15 25. c3 $1 b4 26. Nb1 {[#]} (26. Nc2 $15 bxc3 27. bxc3) 26... Ke8 (26... b3 $1 $17) 27. f5 Nd7 {Droht stark ...Sc5.} 28. Bf2 Bb6 $36 {[%mdl 2048] Schwarz hat gut koordiniertes Spiel.} 29. Bg3 (29. fxe6 $15 Rxe6 30. Bxb6 Rexb6 31. Nd2) 29... Bd8 30. Rxd7 Kxd7 31. Bxe5 Bg5+ 32. Kd1 Rb7 (32... Rb5 $17 33. fxe6+ Kxe6 34. Bxg7 Rd6+ 35. Ke2 Rd3 36. cxb4 Rxb4) 33. Bxg7 (33. cxb4 $15 exf5 34. Bxg7) 33... exf5 ({Besser ist} 33... Rd6+ $17 34. Ke2 exf5 35. exf5 Kc6) 34. exf5 (34. cxb4 $1 $15 Rg6 35. Bf8) 34... Bf6 (34... Rd6+ $19 35. Ke2 Rd5 36. cxb4 Rxf5) 35. Bxf6 Rxf6 {[%mdl 4096] Endspiel KTT-KTS} 36. g4 $2 {[#]} (36. Nd2 $15) 36... bxc3 $1 $19 37. Nxc3 Rxb2 38. Ne4 Rfb6 39. Re3 $2 (39. Re2 {kämpft weiter.} Rb1+ 40. Kd2) 39... Rg2 {[%cal Rb6b1]} 40. Kc1 Rbb2 41. h4 Ra2 {[%cal Ra2a1]} 42. Kb1 Rgb2+ 43. Kc1 Rh2 {[%cal Ra2a1] Schwarz steht klar auf Gewinn.} 44. Kb1 Rab2+ 45. Kc1 (45. Ka1 $142) 45... Rbg2 {( -> ...Th1+)} 46. Re1 c3 47. g5 Ra2 {[%cal Ra2a1]} 48. Nxc3 Rac2+ 49. Kb1 Rxc3 50. g6 Rg3 51. Rf1 Ke8 {Precision: Weiß = 28%, Schwarz = 60%.} 0-1

[Event "POR-ch Absolute 2018"]
[Site "Braga"]
[Date "2018.09.09"]
[Round "9"]
[White "Martins, David Pires Tavares"]
[Black "Sousa, Andre Ventura"]
[Result "1-0"]
[WhiteElo "2402"]
[BlackElo "2365"]
[Annotator "ChessBase"]
[PlyCount "83"]
[EventDate "2018.09.02"]
[EventType "tourn"]
[EventCountry "POR"]
[SourceTitle "playchess.com"]
[Source "ChessBase"]
[SourceQuality "1"]
[TimeControl "40/5400+30:1800+30"]

1. d4 {[%emt 0:00:48]} d5 {[%emt 0:00:00]} 2. c4 {[%emt 0:00:08]} e6 {[%emt 0:00:00]} 3. Nc3 {[%emt 0:00:07]} Bb4 {[%emt 0:00:00]} 4. a3 {[%emt 0:00:18]} Bxc3+ {[%emt 0:00:00]} 5. bxc3 {[%emt 0:00:05]} Nf6 {[%emt 0:00:00]} 6. e3 {[%emt 0:00:14]} c6 {[%emt 0:00:07]} 7. Bd3 {[%emt 0:01:30]} e5 {[%emt 0:04:34]} 8. cxd5 {[%emt 0:11:08]} e4 {[%emt 0:00:08]} 9. Be2 {[%emt 0:01:19]} cxd5 {[%emt 0:01:00]} 10. a4 {[%emt 0:00:17]} O-O {[%emt 0:02:17]} 11. Ba3 {[%emt 0:04:49]} Re8 {[%emt 0:00:07]} 12. g4 {[%emt 0:11:09]} h6 {[%emt 0:12:00]} 13. h4 {[%emt 0:01:30]} Nh7 {[%emt 0:01:21]} 14. c4 {[%emt 0:13:21]} Be6 {[%emt 0:11:17]} 15. cxd5 {[%emt 0:13:49]} Bxd5 {[%emt 0:00:20]} 16. Rb1 {[%emt 0:04:38]} Nc6 {[%emt 0:12:44]} 17. Rb5 {[%emt 0:01:19]} a6 {[%emt 0:01:27]} 18. Rc5 {[%emt 0:00:05]} b6 {[%emt 0:03:09]} 19. Rc1 {[%emt 0:00:05]} b5 {[%emt 0:12:22]} 20. Kf1 {[%emt 0:00:08]} b4 {[%emt 0:00:25]} 21. Bb2 {[%emt 0:00:04]} Na5 {[%emt 0:02:35]} 22. Kg2 {[%emt 0:01:16]} Nf8 {[%emt 0:05:39]} 23. Nh3 {[%emt 0:01:19]} Ne6 {[%emt 0:08:44]} 24. g5 {[%emt 0:00:12]} hxg5 {[%emt 0:00:05]} 25. hxg5 {[%emt 0:00:05]} Rc8 {[%emt 0:06:01]} 26. Bxa6 {[%emt 0:00:54]} Rxc1 {[%emt 0:00:11]} 27. Bxc1 {[%emt 0:00:09]} g6 {[%emt 0:06:13]} 28. Bb5 {[%emt 0:00:35]} Rf8 {[%emt 0:00:48]} 29. Qg4 {[%emt 0:00:32]} f5 {[%emt 0:01:18]} 30. Qh4 {[%emt 0:02:18]} Qe7 {[%emt 0:01:31]} 31. Nf4 {[%emt 0:02:44]} Nxf4+ {[%emt 0:00:13]} 32. Qxf4 {[%emt 0:00:07]} Nb3 {[%emt 0:02:10]} 33. Rh6 {[%emt 0:08:24]} Nxc1 {[%emt 0:05:14]} 34. Rxg6+ {[%emt 0:00:09]} Kh7 {[%emt 0:00:33]} 35. Rd6 {[%emt 0:00:54]} Be6 {[%emt 0:02:19]} 36. d5 {[%emt 0:01:38]} Bf7 {[%emt 0:00:34]} 37. Qh4+ {[%emt 0:01:40]} Kg8 {[%emt 0:00:02]} 38. Rf6 {[%emt 0:07:00]} Qe5 {[%emt 0:00:52]} 39. g6 {[%emt 0:00:44]} Kg7 {[%emt 0:00:18]} 40. Rxf7+ {[%emt 0:00:00]} Rxf7 {[%emt 0:00:00]} 41. Qh7+ {[%emt 0:00:28]} Kf8 {[%emt 0:00:40]} 42. Qxf7# {[%emt 0:00:06]} 1-0

[Event "POR-ch Absolute 2018"]
[Site "Braga"]
[Date "2018.09.09"]
[Round "9"]
[White "Silva, Luis Neves Da"]
[Black "Rocha, Sergio"]
[Result "1-0"]
[WhiteElo "2353"]
[BlackElo "2379"]
[Annotator "NA"]
[PlyCount "77"]
[EventDate "2018.09.02"]
[EventType "tourn"]
[EventCountry "POR"]
[SourceTitle "playchess.com"]
[Source "ChessBase"]
[SourceQuality "1"]
[TimeControl "40/5400+30:1800+30"]

1. Nf3 {[%emt 0:00:00]} d6 {[%emt 0:00:00]} 2. d4 {[%emt 0:00:00]} Nf6 {[%emt 0:00:00]} 3. c4 {[%emt 0:00:00]} g6 {[%emt 0:00:02]} 4. Nc3 {[%emt 0:00:00]} Bg7 {[%emt 0:00:03]} 5. e4 {[%emt 0:00:00]} O-O {[%emt 0:00:05]} 6. Be2 {[%emt 0:00:00]} c6 {[%emt 0:00:06]} 7. O-O {[%emt 0:00:02]} a6 {[%emt 0:00:02]} 8. Re1 {[%emt 0:00:07]} b5 {[%emt 0:00:06] E91: Königsindisch (Klassisches System)} 9. e5 {[%emt 0:00:56]} Ne8 {[%emt 0:00:18] LiveBook: 14 Games} 10. Bf4 {[%emt 0:00:09]} (10. Bg5 f6 11. Bh4 Kh8 12. h3 Ra7 13. a3 Nd7 14. e6 Nb6 15. d5 cxd5 16. cxd5 {½-½ (39) Holzke,F (2524)-Howell,D (2622) Wijk aan Zee 2009}) 10... d5 $146 {[%emt 0:00:46]} ({Vorgänger:} 10... bxc4 11. Bxc4 d5 12. Bb3 h6 13. h3 Nc7 14. Qd2 Kh7 15. Rac1 Ne6 16. Be3 {1-0 (40) Milekic,D (2253)-Nikolic,D (2218) Belgrade 2016}) 11. cxd5 {[%emt 0:12:18]} cxd5 {[%emt 0:00:08]} 12. h3 {[%emt 0:00:01]} Nc7 {[%emt 0:00:46]} 13. Qd2 {[%emt 0:00:33]} Bd7 {[%emt 0:02:02]} 14. Bh6 {[%emt 0:07:38]} Nc6 {[%emt 0:01:49]} 15. Rac1 {[%emt 0:06:51]} b4 {[%emt 0:09:49]} 16. Bxg7 {[%emt 0:01:42]} Kxg7 {[%emt 0:00:05]} 17. Nd1 {[%emt 0:05:09]} Ne6 {[%emt 0:06:03]} 18. Ne3 {[%emt 0:02:25]} Nf4 {[%emt 0:01:58]} (18... Qa5 $16) 19. Bf1 {[%emt 0:06:07]} f6 {[%emt 0:01:13]} 20. g3 {[%emt 0:08:37]} Nh5 {[%emt 0:00:09]} 21. Ng4 {[%emt 0:09:22]} Kg8 {[%emt 0:06:44]} 22. Rc5 {[%emt 0:03:21]} e6 23. exf6 {[%emt 0:08:55]} Nxf6 {[%emt 0:08:28]} 24. Nh6+ {[%emt 0:00:15]} Kg7 {[%emt 0:04:35] [#]} 25. Ng5 $1 {[%emt 0:01:44]} Nxd4 $2 {[%emt 0:02:12]} (25... Ne7 26. Bd3 (26. Nxe6+ Bxe6 27. Rxe6 Qd7 $16) 26... Nf5) 26. Qxd4 {[%emt 0:00:47]} Kxh6 {[%emt 0:00:06]} 27. Nxe6 {[%emt 0:06:31]} Bxe6 {[%emt 0:00:36]} 28. Rxe6 {[%emt 0:00:01]} a5 {[%emt 0:01:09]} 29. Bg2 {[%emt 0:01:13]} Ra7 {[%emt 0:05:11]} 30. Rxd5 {[%emt 0:00:56]} Rd7 $2 {[%emt 0:01:41]} (30... Nxd5 31. Qxa7 Nf6) 31. Rxd7 {[%emt 0:10:42]} Qxd7 {[%emt 0:00:22]} 32. Qe3+ {[%emt 0:00:14]} g5 33. h4 {[%emt 0:00:09]} Qd1+ {[%emt 0:02:27]} 34. Kh2 {[%emt 0:00:07]} Qh5 {[%emt 0:00:25]} 35. Bf3 {[%emt 0:02:15]} Qg6 {[%emt 0:00:12]} 36. Kg2 {[%emt 0:01:15]} a4 {[%emt 0:02:09]} 37. Re5 $18 {[%emt 0:00:56]} Re8 {[%emt 0:00:28]} 38. hxg5+ {[%emt 0:00:18]} Kg7 {[%emt 0:00:32]} 39. gxf6+ {[%emt 0:00:05]} 1-0

[Event "POR-ch Absolute 2018"]
[Site "Braga"]
[Date "2018.09.09"]
[Round "9"]
[White "Rego, Pedro Filipe"]
[Black "Fernandes, Antonio"]
[Result "0-1"]
[WhiteElo "2270"]
[BlackElo "2389"]
[Annotator "NA"]
[PlyCount "98"]
[EventDate "2018.09.02"]
[EventType "tourn"]
[EventCountry "POR"]
[SourceTitle "playchess.com"]
[Source "ChessBase"]
[SourceQuality "1"]
[TimeControl "40/5400+30:1800+30"]

1. c4 {[%emt 0:00:41]} Nf6 {[%emt 0:00:43]} 2. g3 {[%emt 0:02:28]} g6 {[%emt 0:05:00]} 3. Bg2 {[%emt 0:00:54]} d5 {[%emt 0:08:29]} 4. Nf3 {[%emt 0:05:07]} Bg7 {[%emt 0:02:00]} 5. cxd5 {[%emt 0:00:36]} Nxd5 {[%emt 0:00:05]} 6. Nc3 {[%emt 0:00:07]} O-O {[%emt 0:00:44]} 7. O-O {[%emt 0:00:14]} c5 {[%emt 0:06:50] LiveBook: 485 Games} 8. Ne1 {[%emt 0:08:37] A34: Symmetrical English: 2 Nc3, lines with ...d5} (8. Nxd5 Qxd5 9. d4 cxd4 10. Be3 Nc6 11. Nxd4 Qc4 12. Nxc6 bxc6 13. Qb3 Be6 14. Qxc4 Bxc4 15. Rac1 Bxa2 16. Bxc6 Rab8 17. Bxa7 {½-½ (17) Svidler,P (2747)-Anand,V (2786) Zuerich 2017}) 8... Be6 {[%emt 0:12:28]} 9. Nd3 {[%emt 0:03:13]} Na6 {[%emt 0:01:51]} 10. Qa4 $146 {[%emt 0:02:12]} ({Predecessor:} 10. f4 b6 11. Ne5 Qd6 12. Qa4 Nac7 13. Ne4 Qd8 14. Ng5 Bc8 15. Qb3 e6 16. Ngf3 Bb7 17. d3 Ne7 18. Be3 Nc6 19. Nxc6 {½-½ (19) Kubitza,G-Keller,T (2165) Germany 1995}) 10... c4 {[%emt 0:12:37]} 11. Bxd5 {[%emt 0:39:02]} Bxd5 {[%emt 0:07:26]} 12. Nf4 $1 {[%emt 0:07:28]} Bc6 {[%emt 0:00:16]} 13. Qxc4 {[%emt 0:00:20]} Rc8 {[%emt 0:01:43]} 14. Qb3 {[%emt 0:04:15]} b5 {[%emt 0:10:29]} 15. a3 {[%emt 0:03:18]} e5 {[%emt 0:11:33]} 16. Ng2 {[%emt 0:02:35]} Nc5 {[%emt 0:00:06]} 17. Qd1 {[%emt 0:01:26]} e4 {[%emt 0:09:42]} 18. b4 {[%emt 0:07:21]} Ne6 {[%emt 0:02:08]} 19. Bb2 {[%emt 0:01:56]} Nd4 {[%emt 0:00:17]} 20. d3 {[%emt 0:02:14]} exd3 {[%emt 0:00:30]} 21. Qxd3 {[%emt 0:00:10]} Nf3+ {[%emt 0:00:19]} 22. Kh1 {[%emt 0:00:32]} Qxd3 {[%emt 0:00:07]} 23. exd3 {[%emt 0:00:03]} Nd2 {[%emt 0:00:10]} 24. Rfd1 {[%emt 0:02:13]} Nb3 {[%emt 0:00:12]} 25. d4 {[%emt 0:02:09]} Nxa1 {[%emt 0:02:04]} 26. Bxa1 {[%emt 0:00:01]} Rfd8 {[%emt 0:00:20]} 27. Na2 {[%emt 0:02:31]} Bd5 {[%emt 0:01:54]} 28. Nc1 {[%emt 0:00:18]} Bf3 {[%emt 0:00:15]} 29. Re1 {[%emt 0:00:14]} Bxd4 {[%emt 0:01:21]} 30. Bxd4 {[%emt 0:01:20]} Rxd4 {[%emt 0:00:02]} 31. Nb3 {[%emt 0:00:16]} Rd1 {[%emt 0:00:10]} 32. Rxd1 {[%emt 0:00:04]} Bxd1 {[%emt 0:00:02]} 33. Nc5 {[%emt 0:00:43]} Bf3 {[%emt 0:00:17]} 34. Kg1 {[%emt 0:00:12]} Rd8 {[%emt 0:02:46]} 35. Ne3 {[%emt 0:00:33]} Rd2 {[%emt 0:00:09]} 36. h4 {[%emt 0:01:01]} Ra2 {[%emt 0:00:08]} 37. g4 {[%emt 0:00:04]} Rxa3 {[%emt 0:00:17]} 38. Kh2 {[%emt 0:00:07]} a5 {[%emt 0:00:52]} 39. bxa5 {[%emt 0:00:06]} Rxa5 {[%emt 0:00:08]} 40. Kg3 {[%emt 0:00:00]} Bc6 {[%emt 0:00:00]} 41. Nd3 {[%emt 0:01:09]} Ra3 {[%emt 0:02:06]} 42. Nb4 {[%emt 0:01:41]} Bb7 {[%emt 0:03:07]} 43. Kf4 $19 {[%emt 0:00:11]} Rb3 {[%emt 0:00:52]} 44. Nbc2 {[%emt 0:00:58]} Rb2 {[%emt 0:00:32]} 45. f3 {[%emt 0:01:18]} b4 {[%emt 0:00:42]} 46. Nd4 {[%emt 0:00:18]} b3 {[%emt 0:00:59]} 47. Nc4 {[%emt 0:00:03]} Rf2 {[%emt 0:00:59]} 48. Ke3 {[%emt 0:00:55]} b2 {[%emt 0:00:20]} 49. Na3 {[%emt 0:00:16]} Rf1 {[%emt 0:00:08]} 0-1

[Event "POR-ch Absolute 2018"]
[Site "Braga"]
[Date "2018.09.09"]
[Round "9"]
[White "Veiga, Jose Francisco R P "]
[Black "Martins, Bruno Andre Leite"]
[Result "1-0"]
[WhiteElo "2231"]
[BlackElo "2262"]
[Annotator "TA"]
[PlyCount "91"]
[EventDate "2018.09.02"]
[EventType "tourn"]
[EventCountry "POR"]
[SourceTitle "playchess.com"]
[Source "ChessBase"]
[SourceQuality "1"]

{[%evp 26,91,30,21,16,0,0,0,0,-19,-23,-22,-27,-63,-66,-137,-104,-102,-71,-74,-56,-48,-33,-117,-118,-104,-100,-85,-65,-53,0,0,0,0,0,0,20,0,127,33,120,126,250,247,327,9,561,403,914,843,1325,1849,1539,1447,12839,927,845,878,752,768,956,450,361,367,1377,1375,1305,1260]} 1. e4 c5 2. Nf3 Nc6 3. d4 cxd4 4. Nxd4 e5 5. Nb5 d6 6. c4 Be7 7. N1c3 a6 8. Na3 f5 9. exf5 Bxf5 10. Nc2 {B32: Sicilian: Löwenthal and Kalashnikov Variations} (10. Bd3 Be6 11. Qh5+ Bf7 12. Qh3 Nf6 13. O-O Nd4 14. Be3 Be6 15. Qh4 Nf5 16. Bxf5 Bxf5 17. Rad1 Qc8 18. c5 dxc5 {0-1 (61) Kasimdzhanov,R (2693)-Naiditsch,A (2706) Poznan 2014}) 10... Nf6 11. Bd3 Be6 12. O-O O-O 13. Bg5 Ng4 14. Bxe7 {LiveBook: 16 Games} Qxe7 15. Ne4 $146 ({Predecessor:} 15. h3 Nf6 16. Qe2 Qf7 17. Ne4 Nxe4 18. Qxe4 g6 19. b3 Rae8 {½-½ (37) Ludwig,J (2386)-Gara,A (2381) Budapest 2017}) 15... Rad8 (15... Qh4 16. h3) 16. h3 Nf6 17. Ng5 d5 {[%cal Bd6d5,Bd5d4][%mdl 32]} 18. Nxe6 Qxe6 19. Qe2 d4 $1 20. c5 (20. f3 $15) 20... Kh8 21. Rfe1 Rfe8 22. f3 Qe7 23. b4 Nd5 24. Qe4 (24. Qd2 $15) 24... g6 $17 25. a3 Nf4 {And now ...Qg5 would win.} 26. Kh2 Qe6 27. Rab1 h5 (27... Kg7 $15) 28. b5 $11 axb5 29. Rxb5 Rd7 30. Nb4 Nxb4 31. Rxb4 Qa2 {[#]} (31... Nxd3 $11 32. Qxd3 Qf5) 32. Bf1 (32. Qxf4 $1 $16 {[%mdl 512]} exf4 33. Rxe8+ Kh7 34. Rb6) 32... Qxa3 {[#]} ({Better is} 32... Ree7 $14) 33. Reb1 $1 $16 {Hoping for Bb5.} Ree7 {[#]} (33... Rg7 $16) 34. g3 $1 $18 {[%cal Rg3f4]} Nd5 35. R4b3 $2 ({White should play} 35. Qxg6 $18 Nxb4 36. Bc4) 35... Qa2+ $2 {[%mdl 8192]} (35... Qxc5 $11 36. Qxg6 h4) 36. R3b2 Qa3 (36... Nc3 $142) 37. c6 bxc6 38. Qxg6 {Intending Rb8+ and mate.} Rd8 39. Rb8 Qa5 40. Qxh5+ (40. R1b7 $142 d3 41. Qh6+ Kg8 42. Bxd3 Qa2+ 43. Kh1 Qa1+ 44. Bb1 Qxb1+ 45. Rxb1) 40... Kg7 41. Qg5+ Kf7 42. Qf5+ Kg7 43. Rxd8 (43. Bd3 $142 Kg8 44. Qg5+ Kf7 45. Qg6+ Kf8 46. Qh6+ Kg8 47. R1b7 Qd2+ 48. Qxd2) 43... Qxd8 44. Bd3 {Threatens to win with Qh7+.} Qc7 $2 (44... Qe8 45. Rb8 Qxb8) 45. Qh7+ Kf8 {[#]} 46. Rb8+ $1 {[%mdl 512] Precision: White = 44%, Black = 22%.} 1-0

[Event "POR-ch Absolute 2018"]
[Site "Braga"]
[Date "2018.09.09"]
[Round "9"]
[White "Padeiro, Jose"]
[Black "Vasques, Antonio Pedro Freix"]
[Result "1/2-1/2"]
[WhiteElo "2209"]
[BlackElo "2239"]
[Annotator "NA"]
[PlyCount "71"]
[EventDate "2018.09.02"]
[EventType "tourn"]
[EventCountry "POR"]
[SourceTitle "playchess.com"]
[Source "ChessBase"]
[SourceQuality "1"]
[TimeControl "40/5400+30:1800+30"]

1. d4 {[%emt 0:00:00]} Nf6 {[%emt 0:00:00]} 2. c4 {[%emt 0:00:06]} g6 {[%emt 0:00:00]} 3. Nc3 {[%emt 0:00:09]} Bg7 {[%emt 0:00:06]} 4. e4 {[%emt 0:00:11]} d6 {[%emt 0:00:04]} 5. f3 {[%emt 0:00:20]} O-O {[%emt 0:00:14]} 6. Bg5 {[%emt 0:00:04]} c5 {[%emt 0:02:50]} 7. d5 {[%emt 0:00:21]} h6 {[%emt 0:00:22]} 8. Be3 {[%emt 0:00:06]} e6 {[%emt 0:00:06]} 9. Qd2 {[%emt 0:00:16]} a6 {[%emt 0:11:46]} 10. a4 {[%emt 0:00:14]} exd5 {[%emt 0:01:10]} 11. cxd5 {[%emt 0:00:48]} Nbd7 {[%emt 0:01:12]} 12. Nh3 {[%emt 0:00:15]} Ne5 {[%emt 0:04:14]} 13. Nf2 {[%emt 0:00:11]} h5 {[%emt 0:00:08] A65: Benoni} 14. Be2 {[%emt 0:01:31]} Nh7 {[%emt 0:04:45]} 15. O-O {[%emt 0:06:36]} f5 {[%emt 0:04:48]} 16. f4 {[%emt 0:00:24] LiveBook: 4 Games} Ng4 {[%emt 0:02:06]} 17. Nxg4 {[%emt 0:00:15]} (17. Bxg4 $5 hxg4 18. e5 $14) 17... hxg4 {[%emt 0:00:07]} 18. e5 $1 {[%emt 0:00:30]} dxe5 {[%emt 0:04:54]} 19. Bxc5 {[%emt 0:02:27] [#]} Re8 $146 {[%emt 0:00:44]} 20. fxe5 {[%emt 0:04:14]} ({Better is} 20. d6 $16) 20... Bxe5 {[%emt 0:01:29]} 21. Bd4 {[%emt 0:07:38]} Qg5 {[%emt 0:06:55]} 22. Rad1 {[%emt 0:02:02]} Bd6 {[%emt 0:01:55]} 23. Qxg5 {[%emt 0:08:07]} Nxg5 {[%emt 0:01:44]} 24. Bxg4 {[%emt 0:02:32]} ({Günstiger ist} 24. b3 $15) 24... Bd7 $2 {[%emt 0:10:56]} (24... fxg4 $17 25. Rf6 Be7 26. Rxg6+ Kh7) 25. Bf3 {[%emt 0:15:15]} b5 {[%emt 0:12:31]} 26. axb5 {[%emt 0:00:37]} axb5 {[%emt 0:00:05]} 27. Rfe1 {[%emt 0:08:48]} b4 {[%emt 0:04:34]} 28. Ne2 {[%emt 0:12:19]} Ra5 {[%emt 0:05:14]} 29. Bf2 {[%emt 0:05:32]} Kf7 {[%emt 0:04:46]} 30. Nd4 {[%emt 0:04:37]} Rxe1+ {[%emt 0:01:13]} 31. Bxe1 {[%emt 0:00:17]} Ra2 {[%emt 0:00:24]} 32. Rb1 $11 {[%emt 0:05:58]} Bc5 {[%emt 0:01:55]} 33. Bf2 {[%emt 0:00:27]} Bxd4 {[%emt 0:01:29]} 34. Bxd4 {[%emt 0:00:10]} Nxf3+ {[%emt 0:00:05]} 35. gxf3 {[%emt 0:00:11]} Ra5 {[%emt 0:00:04]} 36. d6 {[%emt 0:05:24]} 1/2-1/2